LEADER 01180nam a2200277 i 4500 001 000000133369 003 CaOOAMICUS 005 20050105000000.0 008 050105s1997 it u000 u ita u 013 $a106388 020 $a88-10-50943-9 040 $aSeMil$bita 100 1 $aVanier, Jean,$d<1928-2019>.$0(OLS)http://semarc/name/23265 240 10$aAimer jusqu'au bout. Le scandale du lavement des pieds.$0(OLS)http://semarc/title/195479 245 13$aLa lavanda dei piedi :$blo scandalo di amare sino alla fine /$cJean Vanier. 260 $aBologna :$bEDB,$c1997. 300 $a70 p. ;$c21 cm. 490 0 $aI libri dell'arca 650 4$aBibbia - NT - Giovanni, 13-17.$0(OLS)http://semarc/subject/9755 830 2$aI libri dell'arca.$0(OLS)http://semarc/title/23345 850 $aSeMil 852 $aSeMil$W1$xVenegono$y1$m3F III 697$j87214$B87214$CSeMilBibl$Z2$F91322 $81 961 $aRecupero: Seminario di Seveso 996 $6020$a88-10-50943-9$9(OLS)http://semarc/number/120491 996 $6245$aLa lavanda dei piedi :$blo scandalo di amare sino alla fine$9(OLS)http://semarc/title/195478 996 $6260$aBologna :$bEDB$9(OLS)http://semarc/publisher/29669 LEADER 01132nam a2200241 i 4500 001 000000167811 003 CaOOAMICUS 005 20071210000000.0 008 071210s2007 it u000 u ita u 013 $a145210 040 $aSeMil$bita 100 1 $aApeciti, Ennio,$c.$0(OLS)http://semarc/name/10867 245 10$aDio non ci vuole mediocri :$britiro per gli Oblati diocesani, 22 ottobre 2007, corso Venezia, 11 /$cEnnio Apeciti. 260 $a[S.l. :$bs.n.],$c2007$e(Milano :$fBoniardi,$g2007) 300 $a29 p. ;$c18 cm. 490 0 $aQuaderni degli Oblati diocesani ;$vN.18 650 4$aOblati diocesani - Pastorale.$0(OLS)http://semarc/subject/31343 830 0$aQuaderni degli Oblati diocesani ;$vN.18.$0(OLS)http://semarc/title/24476 850 $aSeMil 852 $aSeMil$W1$xVenegono$y1$m5D V 15/12$j118947$B118947$CSeMilBibl$Z2$F129801 $81 961 $aOmaggio: Apeciti mons. Ennio 996 $6245$aDio non ci vuole mediocri :$britiro per gli Oblati diocesani, 22 ottobre 2007, corso Venezia, 11$9(OLS)http://semarc/title/240094 996 $6260$a[S.l. :$bs.n.]$9(OLS)http://semarc/publisher/29751